Tổng tập văn học dân gian người Việt

Sách sưu tầm và biên soạn các truyện cười dân gian Việt Nam từ thời manh nha đến nay. Sách sắp xếp theo trật tự chữ cái đầu tiên của tên truyện cưới giúp người đọc dễ dàng tra cứu và tham khảo....

Full beskrivning

Sparad:
Bibliografiska uppgifter
Materialtyp: Bok
Språk:Undetermined
Publicerad: Hà Nội Khoa học Xã hội 2005
Ämnen:
Taggar: Lägg till en tagg
Inga taggar, Lägg till första taggen!
Thư viện lưu trữ: Trung tâm Học liệu Trường Đại học Cần Thơ
LEADER 00845nam a2200169Ia 4500
001 CTU_190022
008 210402s9999 xx 000 0 und d
082 |a 398.209597 
082 |b T455/T.8 
245 0 |a Tổng tập văn học dân gian người Việt 
260 |a Hà Nội 
260 |b Khoa học Xã hội 
260 |c 2005 
520 |a Sách sưu tầm và biên soạn các truyện cười dân gian Việt Nam từ thời manh nha đến nay. Sách sắp xếp theo trật tự chữ cái đầu tiên của tên truyện cưới giúp người đọc dễ dàng tra cứu và tham khảo. 
650 |a Folk literature, Vietnamese,Văn học dân gian, Người Việt Nam 
904 |i Trúc 
980 |a Trung tâm Học liệu Trường Đại học Cần Thơ